书目信息 |
| 题名: |
债务和魔鬼
|
|
| 作者: | 特纳 著 ;王胜邦 , 徐惊蛰 , 朱元倩 译 | |
| 分册: | ||
| 出版信息: | 北京 中信出版集团 2021 |
|
| 页数: | 32,283页 | |
| 开本: | 23cm | |
| 丛书名: | 比较译丛 | |
| 单 册: | ||
| 中图分类: | F810.45 | |
| 科图分类: | ||
| 主题词: | 债务危机--研究 | |
| 电子资源: | ||
| ISBN: | 978-7-5217-2950-4 | |
| 000 | 01729oam2 2200337 450 | |
| 001 | 2136559463 | |
| 005 | 20211117093833.00 | |
| 010 | @a978-7-5217-2950-4@dCNY88.00 | |
| 100 | @a20210514d2021 em y0chiy50 ea | |
| 101 | 1 | @achi@ceng |
| 102 | @aCN@b110000 | |
| 105 | @aa az 000yy | |
| 200 | 1 | @a债务和魔鬼@9zhai wu he mo gui@e货币、信贷和全球金融体系重建@dtween debt and the devil@emoney,credit,and fixing global finance@f(英)阿代尔·特纳(Adair Turner)著@g王胜邦,徐惊蛰,朱元倩译@zeng |
| 205 | @a2版 | |
| 210 | @a北京@c中信出版集团@d2021 | |
| 215 | @a32,283页@c图@d23cm | |
| 225 | 2 | @a比较译丛@v08 |
| 314 | @a阿代尔·特纳,英国知名政治家、经济学家和金融家。 | |
| 320 | @a有书目 (第271-282页) | |
| 330 | @a本书挑战了当前经济学界和公共政策界的流行观点,即经济增长需要信贷增长,只要保持低而稳定的通胀,信贷扩张并不可怕,反而有利于经济和金融稳定。然而,事实证明,大多数信贷并非经济增长所需,相反,它们助推了房地产繁荣和萧条,导致金融危机以及危机后的债务积压和经济衰退。特纳解释了为什么要运用公共政策管理经济增长和信贷创造的配置,为什么需要将债务作为一种经济污染而对之征税。他还破除了印发货币会导致有害通胀的观念。为了摆脱过去政策失误造成的困境,有时需要将政府债务货币化,也即中央银行发行货币为财政赤字融资。 | |
| 461 | 0 | @12001 @a比较译丛 |
| 510 | 1 | @aBetween debt and the devil : money, credit, and fixing global finance@zeng |
| 517 | 1 | @a货币、信贷和全球金融体系重建@9huo bi 、xin dai he quan qiu jin rong ti xi chong jian |
| 606 | 0 | @a债务危机@x研究 |
| 690 | @aF810.45@v5 | |
| 701 | 0 | @c(英)@a特纳@9te na@c(Turner, Adair)@4著 |
| 702 | 0 | @a王胜邦@9wang sheng bang@4译 |
| 702 | 0 | @a徐惊蛰@9xu jing zhe@4译 |
| 702 | 0 | @a朱元倩@9zhu yuan qian@4译 |
| 801 | 0 | @aCN@b山东中教@c20211112 |
| 905 | @aZUCC@dF810.45@e2-2 | |
| 债务和魔鬼:货币、信贷和全球金融体系重建=tween debt and the devil:money,credit,and fixing global finance/(英)阿代尔·特纳(Adair Turner)著/王胜邦,徐惊蛰,朱元倩译.-2版.-北京:中信出版集团,2021 |
| 32,283页:图;23cm.-(比较译丛;08) |
| ISBN 978-7-5217-2950-4:CNY88.00 |
| 本书挑战了当前经济学界和公共政策界的流行观点,即经济增长需要信贷增长,只要保持低而稳定的通胀,信贷扩张并不可怕,反而有利于经济和金融稳定。然而,事实证明,大多数信贷并非经济增长所需,相反,它们助推了房地产繁荣和萧条,导致金融危机以及危机后的债务积压和经济衰退。特纳解释了为什么要运用公共政策管理经济增长和信贷创造的配置,为什么需要将债务作为一种经济污染而对之征税。他还破除了印发货币会导致有害通胀的观念。为了摆脱过去政策失误造成的困境,有时需要将政府债务货币化,也即中央银行发行货币为财政赤字融资。 |
| ● |
| 相关链接 |
|
|
|
正题名:债务和魔鬼
索取号:F810.45/2-2
 
预约/预借
| 序号 | 登录号 | 条形码 | 馆藏地/架位号 | 状态 | 备注 |
| 1 | 2000886819 | 2000886819 | 第三书库/ [索取号:F810.45/2-2] | 在馆 | |
| 2 | 2000886820 | 2000886820 | 第三书库/ [索取号:F810.45/2-2] | 在馆 | |
| 3 | 2000886821 | 2000886821 | 第三书库/ [索取号:F810.45/2-2] | 在馆 |